Estatísticas para Cabo Verde

Clique aqui para jogar o quiz

Estatísticas Gerais

  • Esse quiz foi jogado 2 vezes
  • A pontuação média é 4 de 15

Estatísticas das Respostas

Resposta% Correto
Mindelo
100%
Pico do Fogo
100%
Praia
100%
Praia do Tarrafal
50%
Santa Maria
50%
Buracona - Blue Eye Cave
0%
Deserto de Viana
0%
Monte Verde
0%
Praia da Chave
0%
Praia da Laginha
0%
Praia de Santa Mónica
0%
Quebra Canela Beach
0%
Salinas de Pedra de Lume
0%
Sal Rei
0%
Serra da Malagueta
0%

Distribuição das Pontuações

Percentil de Números Respondidos

Porcentagem de Pessoas com Cada Pontuação

Sua Pontuação Histórica

Você não jogou esse quiz